000 00489cam a2200181ua 4500
001 141
008 110406n ii |||gr||||Z||||||eng
020 _a81-780-6011-6
040 _cMAIN
082 _a005.4
245 _aMicrosoft windows 98.
_bEffective efficient economical.
250 _a1st. /
_bEdited by experts.
260 _aDelhi.:
_bUnicorn books pvt ltd.,
_c2001.
300 _a109 p.:
_bill.;5 cm.
653 _aComputer science.
653 _aMicrosoft windows98.
942 _cBK
999 _c129
_d129